000 01585nam a2200349 a 4500
001 ebr10314671
003 CaPaEBR
006 m u
007 cr cn|||||||||
008 081103s2009 mauab sb 001 0 eng d
010 _z 2008047548
020 _z9781845934965 (alk. paper)
020 _z9781845934972
040 _aCaPaEBR
_cCaPaEBR
035 _a(OCoLC)432995966
043 _aa-cc---
050 1 4 _aSF85.4.C6
_bR36 2009eb
082 0 4 _a636.08/450951
_222
245 0 0 _aRangeland degradation and recovery in China's pastoral lands
_h[electronic resource] /
_cedited by Victor Squires ... [et al.].
260 _aCambridge, Mass. :
_bCABI North American Office,
_c2009.
300 _axiii, 264 p. :
_bill., maps.
504 _aIncludes bibliographical references and index.
505 0 _apt. 1. Introduction -- pt. 2. Mechanisms of rangeland degradation and recovery -- pt. 3. Case studies of degradation and recovery -- pt. 4. The future - how to prevent the next major degradation episode.
533 _aElectronic reproduction.
_bPalo Alto, Calif. :
_cebrary,
_d2013.
_nAvailable via World Wide Web.
_nAccess may be limited to ebrary affiliated libraries.
650 0 _aLand degradation
_zChina.
650 0 _aRangelands
_xRevegetation
_vCase studies.
650 0 _aRange management
_vCase studies.
655 7 _aElectronic books.
_2local
700 1 _aSquires, V. R.
_q(Victor R.),
_d1937-
710 2 _aebrary, Inc.
856 4 0 _uhttp://site.ebrary.com/lib/rucke/Doc?id=10314671
_zAn electronic book accessible through the World Wide Web; click to view
999 _c165385
_d165385